00817nam a2200217Ia 4500008004100000020001600041050001500057100001700072245013100089260003900220300004500259500003600304650003700340650003800377650001400415650001400429650002200443650002200465999001900487952009300506160114s9999 xx 000 0 und d a0-439545234 b.B236 2003 aAber, Linda. aBarbie of Swan Lake : ba junior novelization /cadapted by Linda Aber ; based on the screenplay by Cliff Ruby & Elana Lesser. aNew York :bScholastic, Inc.c2003 a60 pages;bcolor illustrations :c20 cm. a Based on Tchaikovsky's ballet. aBarbie (Fictitious character) -- aBarbie (Fictitious character) --  aSwans --  x Fiction. xJuvenile fiction. xJuvenile fiction. c290361d290361 001040aSSISBbSSISBcGSd2016-01-14l0oB236 2003r2016-01-14 00:00:00w2016-01-14yBK